000 00523nam a2200193Ia 4500
003 BUBTL
008 151213s9999 xx 000 0 und d
020 _a07- 059362 - 0
082 _a005.133 / B181o
100 _aBalagrusamy,E.
_91819
245 _aObject Oriented Programming With C ++ /
_cE.Balagrusamy
250 _a6th ed.
260 _aNew Delhi :
_bMcGraw Hill,
_cc2008.
300 _axviii,543 p.:
_c23 cm.
650 0 _aComputer Science
_9457
856 _k0
_l0
_yDownload
942 _2ddc
_cBK
999 _c2545
_d2545